000 00562nam a2200229Ia 4500
003 OSt
005 20220918184820.0
006 a|||||r|||| 00| 0
007 ta
008 220917b |||||||| |||| 00| 0 eng d
024 _a48,218
037 _cTextual
040 _aARTS
_cARTS
_beng
041 _2eng
_aeng
082 _aP0R, J2 (PD)
100 _aBlack Max
245 0 _aLanguage and philosophy studies in method
260 _c1952
650 _aLINGUISTICS
942 _hP0R, J2 (PD)
_cTEXL
_2CC
999 _c177888
_d177888